| 000 | 01686cad a22002295a 4500 | ||
|---|---|---|---|
| 001 | E147552 | ||
| 008 | 090522e20090401xxk 000 0 eng d | ||
| 035 | _a(Sirsi) u147552 | ||
| 041 | 0 | _aeng | |
| 245 | 0 | 0 |
_aElyarna Alexander-David v The Mayor and Burgesses of the London Borough of Hammersmith and Fulham _h[electronic resource] |
| 260 | _c2009 | ||
| 520 | _a[2009] EWCA Civ 259, 1 April 2009. Concerns an attempt by Hammermith and Fulham Borough Council to take possession of a property which they had rented out to the appellant (A) when she was 16 years old, due to anti-social behaviour and non-payment of rent. A challenged the possession order on the grounds that the Law of Property Act 1925 prohibits a minor from holding a legal estate in land, and that the Trusts of Land and Appointment of Trustees Act 1996 states that an attempt to grant a legal estate to a minor operates as a declaration that the legal estate is held on trust for the minor. "Held": appeal allowed. The Council were in effect the lessor and trustee, and the service of the notice to quit on only the minor beneficiary of the trust was not sufficient to terminate the tenancy. | ||
| 590 | _aKA | ||
| 650 | 2 | 4 | _aTRUSTS OF LAND AND APPOINTMENT OF TRUSTEES ACT 1996 |
| 650 | 2 | 4 | _aALEXANDER-DAVID V HAMMERSMITH AND FULHAM LBC |
| 650 | 2 | 4 | _aHOMELESSNESS (PRIORITY NEED FOR ACCOMMODATION) (ENGLAND) ORDER 2002 |
| 650 | 2 | 4 | _aLAW OF PROPERTY ACT 1925 |
| 651 | 4 |
_aEngland and Wales _y1543- |
|
| 690 | _aPROPERTY-RESIDENTIAL PROPERTY-RESIDENTIAL LANDLORD AND TENANT | ||
| 856 | 4 | 0 |
_uhttps://www.bailii.org/ew/cases/EWCA/Civ/2009/259.html _zView the case free of charge at www.baillii.org... |
| 942 | _n0 | ||
| 999 |
_c81567 _d81567 |
||